000
00335nam a2200133Ia 4500
008
240624s9999 xx 000 0 und d
041
_a
eng
082
_a
005.743 ELL
100
_a
ELLIS BYRON
245
_a
REAL TIME ANALYTICS TECHNIQUES TO ANALYZ
260
_c
2014
_a
Canada
_b
Wiley
300
_a
xix, 412 p.; 23 cm.
365
_c
_b
38
999
_c
30623
_d
30623